Every Quavo Song on the Billboard Hot 100 - Statistics

General Stats
  • This quiz has been taken 67 times
    17 since last reset
  • The average score is 9 of 29
Answer Stats
# Year Song % Correct
5 2020 Intentions (Justin Bieber)
69%
1 2017 I'm The One (DJ Khaled) ft. Justin Bieber, Chance The Rapper & Lil Wayne
62%
8 2017 Congratulations (Post Malone)
54%
48 2018 Flip The Switch ft. Drake
46%
44 2020 PICK UP (Dababy)
46%
10 2017 Strip That Down (Liam Payne)
46%
86 2018 Biggest Alley Oop
38%
5 2018 No Brainer (DJ Khaled) ft. Justin Bieber & Chance The Rapper
38%
43 2016 Pick Up The Phone (Young Thug & Travis Scott)
38%
52 2018 W O R K I N M E
38%
71 2016 Champions (Kanye West, Gucci Mane, Big Sean, 2 Chainz, Travis Scott, Yo Gotti & Desiigner)
31%
81 2017 OMG (Camila Cabello)
31%
61 2018 Pass Out ft. 21 Savage
31%
9 2017 Portland (Drake) ft. Travis Scott
31%
88 2018 Rerun ft. Travis Scott
31%
34 2020 Aim For The Moon (Pop Smoke)
23%
93 2018 Huncho Dreams
23%
74 2018 Ice Tray (Lil Yachty)
23%
100 2018 Lose It ft. Lil Baby
23%
64 2017 Rap Saved Me (21 Savage, Offset & Metro Boomin)
23%
54 2020 Snitchin (Pop Smoke) ft. Future
23%
65 2020 West Coast Shit (Pop Smoke) ft. Tyga
23%
78 2019 Bacc At It Again (Yella Beezy & Gucci Mane)
15%
53 2018 Bigger > You (2 Chainz & Drake)
15%
70 2017 Good Drank (2 Chainz & Gucci Mane)
15%
52 2020 HAD ENOUGH (Don Toliver) ft. Offset
15%
87 2017 Know No Better (Major Lazer) ft. Travis Scott & Camila Cabello
15%
93 2020 Shake The Room (Pop Smoke)
15%
84 2016 The Difference (Meek Mill)
15%
No matching quizzes found
Score Distribution
Percent of People with Each Score
Percentile by Number Answered
Your Score History
You have not taken this quiz since the last reset